| 000 -LEADER |
| fixed length control field |
00883nam a2200253Ia 4500 |
| 001 - CONTROL NUMBER |
| control field |
23617 |
| 003 - CONTROL NUMBER IDENTIFIER |
| control field |
GE_BSU |
| 008 - FIXED-LENGTH DATA ELEMENTS--GENERAL INFORMATION |
| fixed length control field |
181216s||||||||xx |||||||||||||| ||und|| |
| 020 ## - INTERNATIONAL STANDARD BOOK NUMBER |
| International Standard Book Number |
99928-58-36-2 |
| 040 ## - CATALOGING SOURCE |
| Transcribing agency |
GE_BSU |
| 080 ## - UNIVERSAL DECIMAL CLASSIFICATION NUMBER |
| Universal Decimal Classification number |
929.731(479.22) + 94(479.22) |
| 245 ## - TITLE STATEMENT |
| Title |
საქართველოს მეფეები |
| 245 ## - TITLE STATEMENT |
| Statement of responsibility, etc. |
რედ.: მარიამ ლორთქიფანიძე, როინ მეტრეველი |
| 260 ## - PUBLICATION, DISTRIBUTION, ETC. |
| Place of publication, distribution, etc. |
თბილისი |
| 260 ## - PUBLICATION, DISTRIBUTION, ETC. |
| Name of publisher, distributor, etc. |
ნეკერი |
| 260 ## - PUBLICATION, DISTRIBUTION, ETC. |
| Date of publication, distribution, etc. |
2007 |
| 300 ## - PHYSICAL DESCRIPTION |
| Extent |
282 გვ. ; 20 სმ.. |
| 300 ## - PHYSICAL DESCRIPTION |
| Accompanying material |
ბიბლიოგრ. თავების ბოლოს. |
| 653 ## - INDEX TERM--UNCONTROLLED |
| Uncontrolled term |
ისტორია |
| 653 ## - INDEX TERM--UNCONTROLLED |
| Uncontrolled term |
საქართველოს ისტორია |
| 653 ## - INDEX TERM--UNCONTROLLED |
| Uncontrolled term |
საქართველოს მეფეები |
| 942 ## - ADDED ENTRY ELEMENTS (KOHA) |
| Koha item type |
წიგნი |